LEADER 00782nam0-22002651i-450- 001 990001256470403321 035 $a000125647 035 $aFED01000125647 035 $a(Aleph)000125647FED01 035 $a000125647 100 $a--------d--------km-y0itay50------ba 101 1$aeng 200 1 $a<>f-spaces sempler$fby Kalton and Peck 210 $aCambridge [etc.]$cCambridge University Press$d1984 225 1 $aLondon Mathematical Society lecture note series$v89 700 1$aKalton,$bNigel John$f<1946->$0294669 702 1$aKalton,$bNigel John$f<1946-> 702 1$aPeck,$bN. 801 0$aIT$bUNINA$gRICA$2UNIMARC 901 $aBK 912 $a990001256470403321 952 $aC-9-(89$b989$fMA1 959 $aMA1 996 $aF-spaces sempler$9380816 997 $aUNINA LEADER 01206nam a2200241 a 4500 001 991004086229707536 008 081215s2008 it 001 0 ita 020 $a9788889190500 035 $ab13798339-39ule_inst 040 $aDip.to Studi Storici$bita 100 1 $aSalutati, Coluccio$d$0449395 245 10$aLettere di Stato di Coluccio Salutati :$bcancellierato fiorentino, 1375-1406 : censimento delle fonti e indice degli incipit della tradizione archivistico-documentaria /$ca cura di Armando Nuzzo 260 $aRoma :$bnella sede dell'Istituto,$c2008 300 $a2 v. ;$c25 cm. 440 0$aNuovi studi storici / Istituto storico italiano per il Medioevo ;$v77 700 1 $aNuzzo, Armando 907 $a.b13798339$b23-02-12$c15-12-08 912 $a991004086229707536 945 $aLE009 MSM V Coll. 45A/77$g1$i2009000287167$lle009$nvol. 1$o-$pE55.00$q-$rn$so $t0$u0$v0$w0$x0$y.i14922940$z29-01-09 945 $aLE009 MSM V Coll. 45A/77a$g1$i2009000287150$lle009$nvol. 2$o-$pE55.00$q-$rn$so $t0$u0$v0$w0$x0$y.i14922952$z29-01-09 996 $aLettere di Stato di Coluccio Salutati$91224210 997 $aUNISALENTO 998 $ale023$a(2)le009$b15-12-08$cm$da $e-$fita$git $h0$i0